Southville International School and Colleges
Your cart is empty.
  • Cart
  • Lists
    Public lists Eva Luna New books Lux_list list_1
    Your lists Log in to create your own lists
  • Log in to your account
  • Your cookies
  • Search history
Southville International School and Colleges
  • Advanced search
  • Recent comments
  • Most popular
  • Libraries

Log in to your account

Log in with GOOGLE


If you do not have an external account, but do have a local account, you can still log in:

  1. Home
  2. MARC view: Building Consistent Transactions with Inconsistent Replication/
Normal view MARC view ISBD view

Building Consistent Transactions with Inconsistent Replication/ (Record no. 361451)

[ view plain ]
MARC details
000 -LEADER
fixed length control field 00644nam a2200181Ia 4500
008 - FIXED-LENGTH DATA ELEMENTS--GENERAL INFORMATION
fixed length control field 190422s9999 xx 000 0 und d
100 ## - MAIN ENTRY--PERSONAL NAME
Personal name Zhang, I
245 ## - TITLE STATEMENT
Title Building Consistent Transactions with Inconsistent Replication/
245 ## - TITLE STATEMENT
Statement of responsibility, etc I. Zhang, N. K. Sharma, A. Szekeres, A. Krishnamurthy, D. R. K. Ports.--
260 ## - PUBLICATION, DISTRIBUTION, ETC. (IMPRINT)
Name of publisher, distributor, etc Association for Computing Machinery
260 ## - PUBLICATION, DISTRIBUTION, ETC. (IMPRINT)
Date of publication, distribution, etc 2018
300 ## - PHYSICAL DESCRIPTION
Extent December 2018
440 ## - SERIES STATEMENT/ADDED ENTRY--TITLE
Title ACM Transaction on Computer System
Volume number/sequential designation 35(4)
650 ## - SUBJECT ADDED ENTRY--TOPICAL TERM
Topical term or geographic name as entry element Distributed Database Transaction
650 ## - SUBJECT ADDED ENTRY--TOPICAL TERM
Topical term or geographic name as entry element Distributed Transactional Storage
650 ## - SUBJECT ADDED ENTRY--TOPICAL TERM
Topical term or geographic name as entry element Inconsistent Replication
650 ## - SUBJECT ADDED ENTRY--TOPICAL TERM
Topical term or geographic name as entry element Strict Serializability

No items available.

Building Consistent Transactions with Inconsistent Replication/

APA

Zhang I., .Building Consistent Transactions with Inconsistent Replication. : Association for Computing Machinery.

Chicago

Zhang I, .Building Consistent Transactions with Inconsistent Replication. : Association for Computing Machinery.

Harvard

Zhang I., .Building Consistent Transactions with Inconsistent Replication. : Association for Computing Machinery.

MLA

Zhang I, .: Association for Computing Machinery. .

  • Print
  • Cite
  • Add to your cart (remove)
  • Save record
    BIBTEX Dublin Core MARCXML MARC (non-Unicode/MARC-8) MARC (Unicode/UTF-8) MARC (Unicode/UTF-8, Standard) MODS (XML) RIS
  • More searches
    Search for this title in:
    Other Libraries (WorldCat) Other Databases (Google Scholar) Online Stores (Bookfinder.com) Open Library (openlibrary.org)

Exporting to Dublin Core...

SOUTHVILLE LIBRARY

Southville International School and Colleges Library

1281 Tropical Ave. Cor. Luxembourg St., BF Homes International, Las Pinas City

Tel. No. 8256374 / 252358 Loc. 117/146

Powered by Koha